000 00677 a2200193 4500
001 61868
005 20260407155910.0
008 260407a1970 arg spa d
003 AR-UNSa-BCEJYS
040 _aAR-UNSa-BCEJYS
_bspa
_cAR-UNSa-BCEJYS
080 _a347.72.036
_xRepresentación y administración de la compañía. Junta general anual. Administradores. Delegados. Síndicos. Directores. Fiduciarios
245 1 0 _aLa vacancia del director y la reintegración del directorio
264 1 _aBuenos Aires :
_bCangallo
_c1970
300 _a148 p.
_c20 cm.
041 _aspa
942 _cBK
590 _aniveau_biblio:m niveau_hierar:0
100 1 _aSuarez Anzorena, Carlos
999 _c7458
_d7458